000 00284nam a22001337a 4500
008 180130b xxu||||| |||| 00| 0 eng d
020 _a0671013254
041 _aeng
080 _a101
100 _a24
101 _aFIL
245 _aThe age of volatire
_cDurant,W
942 _2udc
_cBK
999 _c41257
_d41257